Normal view
MARC view
- Akbar Allahabadi
Entry Personal Name
001 - CONTROL NUMBER
- control field: 28333
003 - CONTROL NUMBER IDENTIFIER
- control field: NUST
005 - DATE AND TIME OF LATEST TRANSACTION
- control field: 20200207102238.0
008 - FIXED-LENGTH DATA ELEMENTS
- fixed length control field: 200207|| aca||aabn | a|a d
040 ## - CATALOGING SOURCE
- Original cataloging agency: NUST
- Transcribing agency: NUST
100 ## - HEADING--PERSONAL NAME
- Personal name: Akbar Allahabadi
670 ## - SOURCE DATA FOUND
- Source citation: Work cat.: (NUST): Akbar Allahabadi, Kulyat-e- Akbar Alabadi, c2008
